Modernization, Postmodernism and the third world /

Gardado en:
Detalles Bibliográficos
Autor Principal: Lee, Raymond L.M
Formato: Texto
Etiquetas: Engadir etiqueta
Sen Etiquetas, Sexa o primeiro en etiquetar este rexistro!

MARC

LEADER 00000 a a2200000 04500
001 48524
003
040
100 |a Lee, Raymond L.M.  
245 |a Modernization, Postmodernism and the third world /  |c Raymond L.M. Lee  
500 |a Incluye los capítulos: "The fragmentation of modernity", "The crisis of representation", "Globalization and cultural change", "Modernity/Postmodernity in the third world", además introducción y conclusión.  
773 |g volumen 42, número 2, (1994)  
999 |c 36452  |d 36452